Science - Computer Science | 0 | 2 | 0 | 0 | 20 | 65 | 89.00 | 0 | 0 |
Literature - American | 0 | 2 | 0 | 0 | 20 | 95 | 117.50 | 0 | 0 |
History - Cross, Historiography, and Miscellaneous | 0 | 2 | 0 | 0 | 20 | 90 | 92.50 | 0 | 0 |
Fine Arts - Music | 0 | 2 | 0 | 0 | 20 | 70 | 91.00 | 0 | 0 |
RMP - Greco-Roman Mythology | 1 | 0 | 0 | 0 | 15 | 63 | 63.00 | 0 | 0 |
RMP - World Mythology | 1 | 0 | 0 | 0 | 15 | 57 | 57.00 | 0 | 1 |
Current Events - U.S. | 1 | 0 | 0 | 0 | 15 | 52 | 52.00 | 0 | 0 |
Social Science - Psychology | 0 | 1 | 0 | 0 | 10 | 99 | 99.00 | 0 | 0 |
Current Events - World | 0 | 1 | 0 | 0 | 10 | 73 | 73.00 | 0 | 0 |
History - European | 0 | 1 | 0 | 0 | 10 | 110 | 110.00 | 0 | 0 |
History - World | 0 | 1 | 0 | 0 | 10 | 66 | 66.00 | 0 | 0 |
Literature - European | 0 | 1 | 0 | 0 | 10 | 94 | 94.00 | 0 | 0 |
RMP - Christian Practice | 0 | 1 | 0 | 0 | 10 | 120 | 120.00 | 0 | 0 |
RMP - Philosophy | 0 | 1 | 0 | 0 | 10 | 122 | 122.00 | 0 | 0 |
Science - Earth | 0 | 1 | 0 | 0 | 10 | 69 | 69.00 | 0 | 0 |
Science - Math | 0 | 1 | 0 | 0 | 10 | 95 | 95.00 | 0 | 0 |
Science - Physics | 0 | 1 | 0 | 0 | 10 | 118 | 118.00 | 0 | 0 |
Science - Biology | 0 | 0 | 0 | 0 | 0 | | 0.00 | 0 | 0 |
Fine Arts - Sculpture | 0 | 0 | 0 | 0 | 0 | | 0.00 | 0 | 0 |
Fine Arts - Painting | 0 | 0 | 0 | 0 | 0 | | 0.00 | 0 | 0 |
Other - Other Academic and General Knowledge | 0 | 0 | 0 | 0 | 0 | | 0.00 | 0 | 0 |
RMP - Hebrew Bible | 0 | 0 | 0 | 0 | 0 | | 0.00 | 0 | 0 |
Social Science - Other | 0 | 0 | 0 | 0 | 0 | | 0.00 | 0 | 0 |
Literature - British | 0 | 0 | 0 | 0 | 0 | | 0.00 | 0 | 0 |